Superman by Morgan Wallen lyrics - Statistics

General Stats
  • This quiz has been taken 16 times
  • The average score is 232 of 333
Answer Stats
Answer % Correct
a
100%
i
100%
his
90%
man
90%
my
90%
the
90%
to
90%
you
90%
always
80%
and
80%
but
80%
go
80%
hear
80%
im
80%
know
80%
me
80%
no
80%
of
80%
see
80%
superman
80%
that
80%
then
80%
when
80%
your
80%
youre
80%
be
70%
day
70%
do
70%
dont
70%
down
70%
from
70%
girl
70%
gonna
70%
hope
70%
just
70%
knees
70%
mugshot
70%
now
70%
one
70%
right
70%
about
60%
bottles
60%
brings
60%
bullet
60%
drunk
60%
kid
60%
kryptonite
60%
little
60%
night
60%
oh
60%
own
60%
save
60%
sometimes
60%
try
60%
up
60%
will
60%
wrong
60%
aint
50%
can
50%
cant
50%
enemy
50%
for
50%
got
50%
hero
50%
more
50%
mountain
50%
move
50%
steel
50%
take
50%
think
50%
too
50%
worst
50%
at
40%
back
40%
best
40%
cause
40%
dodge
40%
every
40%
fallin
40%
get
40%
grow
40%
guns
40%
hide
40%
its
40%
less
40%
lost
40%
only
40%
onto
40%
punch
40%
run
40%
runnin
40%
say
40%
song
40%
stick
40%
still
40%
stop
40%
supermans
40%
their
40%
times
40%
way
40%
weight
40%
wouldn't
40%
years
40%
youll
40%
closer
30%
cold
30%
face
30%
find
30%
ground
30%
short
30%
stand
30%
straight
30%
this
30%
we'll
30%
whered
30%
worlds
30%
wolves
20%
date
10%
No matching quizzes found
Score Distribution
Percent of People with Each Score
Percentile by Number Answered
Your Score History
You have not taken this quiz